MARC details
| 000 -CABECERA |
| campo de control de longitud fija |
01844nam a22002777a 4500 |
| 003 - IDENTIFICADOR DEL NÚMERO DE CONTROL |
| campo de control |
UPN |
| 005 - FECHA Y HORA DE LA ÚLTIMA TRANSACCIÓN |
| campo de control |
20250301063806.0 |
| 008 - ELEMENTOS DE LONGITUD FIJA--INFORMACIÓN GENERAL |
| campo de control de longitud fija |
230316s2018 mx|||||frng|| 00| 0 spa d |
| 020 ## - NÚMERO INTERNACIONAL NORMALIZADO PARA LIBROS |
| Número Internacional Estándar del Libro |
9788491906872 |
| 040 ## - FUENTE DE LA CATALOGACIÓN |
| Centro catalogador/agencia de origen |
MX-MxUPN |
| Lengua de catalogación |
spa |
| 050 #4 - SIGNATURA TOPOGRÁFICA DE LA BIBLIOTECA DEL CONGRESO |
| Número de clasificación |
K3250 |
| Número de documento/Ítem |
J89 2018 |
| 245 00 - MENCIÓN DE TÍTULO |
| Título |
Juzgar con perspectiva de género : |
| Resto del título |
sentencias relevantes de la Suprema Corte de Justicia de la Nación, Corte Interamericana de Derechos Humanos y Tribunal Europeo de Derechos Humanos |
| 260 ## - PUBLICACIÓN, DISTRIBUCIÓN, ETC. |
| Lugar de publicación, distribución, etc. |
Ciudad de México : |
| Nombre del editor, distribuidor, etc. |
Tirant lo blach : |
| -- |
Universidad Autónoma de Coahuila, Facultad de Jurisprudencia : |
| -- |
Instituto Electoral de Coahuila, |
| Fecha de publicación, distribución, etc. |
2018 |
| 300 ## - DESCRIPCIÓN FÍSICA |
| Extensión |
241 páginas |
| 490 0# - MENCIÓN DE SERIE |
| Mención de serie |
Derechos humanos |
| 505 00 - NOTA DE CONTENIDO CON FORMATO PREESTABLECIDO |
| Título |
La perspectiva de género como elemento fundamental en el ejercicio jurisdiccional / |
| Mención de responsabilidad |
Gabriela María de León Farías, Juan Carlos Centeno Maldonado, Patricia Esther Yeverino Mayola. -- |
| Título |
Derecho al acceso a la justicia / |
| Mención de responsabilidad |
María del Carmen Galván Tello, colabora Juan Pablo Zapata Morín. -- |
| Título |
Derechos políticos / |
| Mención de responsabilidad |
Gloria Martha Riojas Dávila. -- |
| Título |
Los derechos sexuales / |
| Mención de responsabilidad |
Gerardo Garza Valdés, colabora Vicente Manuel Acosta Dávila. -- |
| Título |
Discriminación contra la mujer / |
| Mención de responsabilidad |
Alma Delia Herrera Márquez, colabora Laura Patricia Rodríguez Martínez. -- |
| Título |
Reflexividad sobre la inclusión de la lengua en el discurso jurídico contemporáneo / |
| Mención de responsabilidad |
Blanca Nayaheli Gómez Aguilera, José Luis Leal Espinoza. |
| 650 #7 - ASIENTO SECUNDARIO DE MATERIA - TERMINO TEMATICO |
| 9 (RLIN) |
48360 |
| Término de materia o nombre geográfico como elemento de entrada |
Incorporación de la perspectiva de género |
| Subdivisión general |
Aspectos jurídicos |
| 650 #4 - ASIENTO SECUNDARIO DE MATERIA - TERMINO TEMATICO |
| Término de materia o nombre geográfico como elemento de entrada |
Igualdad ante la ley |
| 9 (RLIN) |
14260 |
| 650 #7 - ASIENTO SECUNDARIO DE MATERIA - TERMINO TEMATICO |
| Término de materia o nombre geográfico como elemento de entrada |
Derechos políticos |
| Fuente del encabezamiento o término |
|
| 9 (RLIN) |
5774 |
| 650 #7 - ASIENTO SECUNDARIO DE MATERIA - TERMINO TEMATICO |
| 9 (RLIN) |
46977 |
| Término de materia o nombre geográfico como elemento de entrada |
Derechos sexuales |
| 650 #4 - ASIENTO SECUNDARIO DE MATERIA - TERMINO TEMATICO |
| 9 (RLIN) |
5666 |
| Término de materia o nombre geográfico como elemento de entrada |
Discriminación sexual contra la mujer |
| 700 1# - ASIENTO SECUNDARIO--NOMBRE DE PERSONAL |
| 9 (RLIN) |
48355 |
| Nombre de persona |
Galván Tello, María del Carmen |
| Término indicativo de función/relación |
coordinación |
| 902 ## - ELEMENTOS DE DATOS B LOCAL, LDB (RLIN) |
| Creó |
VíctorGodínez/160323 |
| 942 ## - ELEMENTOS DE PUNTO DE ACCESO ADICIONAL (KOHA) |
| Fuente del sistema de clasificación o colocación |
Library of Congress Classification |
| Tipo de ítem Koha |
Libro |